000 00612nam a2200217 a 4500
001 20226
003 CO-ViMGA
008 141112s2004 ck r 000 u spa d
020 _a8430603859
040 _aCO-ViMGA
_bspa
_cCO-ViMGA
082 0 4 _a337 G433m
100 1 _aGiddens, Anthony
_923075
245 1 0 _aUn mundo desbocado :
_blos efectos de la globalizacion en nuestras vidas
260 _aMadrid :
_bTaurus,
_c2001
300 _a117 p.
590 _aForma de adquisición : Premio Mincultura
650 1 4 _aFAMILIA
650 1 4 _aGLOBALIZACION
650 1 4 _aIDENTIDAD CULTURAL
_921849
942 _2ddc
_cBK
999 _c29273
_d29273